000 01015nam a22002417a 4500
999 _c8865
_d8865
003 AR-CdUCM
008 190326b ||||| |||| 00| 0 spa d
040 _aMUNICIPALIDAD PROVINCIAL DEL CUSCO
_cBIBLIOTECA MUNICIPAL DEL CUSCO
041 _hita
082 _25ed.
_a616.852 /
_bM62
100 _aMiotto, Antonio
_916937
245 _aTranstornos de la personalidad /
260 _aMéxico D.F. :
_bUTEHA,
_c1961.
300 _a111 páginas ;
_c17 cm.
440 _aManuales UTEHA.
_nSección 8
_nPsicologia
_n52
_924668
505 _aContenido : El ansia -- La timidez -- Las alucinaciones -- Las obsesiones -- Las esquizofrenias -- La psicosis maniacodepresiva -- Las toxicomanías -- Los anormales psíquicos -- Psicoterapia y magia -- Significado psicológico del síntoma neurótico -- Neurosis y moral.
650 _aPsicologia
_91538
650 _aMedicina
_93637
650 _aTranstornos de la personalidad
_924669
700 _aSamper, Baltasar (traductor)
_924670
942 _2ddc
_cLIBROS
945 _azta